00488nam a2200193 a 4500001001300000003000900013005001700022008004100039020002300080082001500103100001700118245003300135260004400168300000800212500003500220505001000255650001200265700001700277nice12345678IN_TiNIC20260116011250.0091216s1999 lona grp 000 0 eng  a0195650387 c15000a22938bSEN aSen, Amartya aCommodities and Capabilities aLondan bOxford University Press c1999 a89p aincludes index and biblioraphy2 aIndex aEcology1 aSen, Amartya